000 01799nam0a2200385 4500
001 RU\NLR\BIBL_A\012447573
005 20210218100835.0
010 _a978-5-9973-5418-3
_9500
021 _aRU
_bКН-П-20-061234
_9КН-П-20-4590
035 _a(NLR Aleph) 012447573
035 _a(RuMoRGB)010442605
090 _a11958101
_c11958101
100 _a20210204d2020 k y0rusy50 ca
101 0 _arus
102 _aRU
105 _aa|||z|||000zy
181 0 _ai
_baxxe
182 0 _an
200 1 _aПроблемы и достижения современной стрессологии
_eмонография
_f[Р.А. Абдурахманов, В.С. Агапов, Л.Е. Адамова и др.
_gпод общей редакцией А.С. Огнева]
203 _aТекст
_bвизуальный
_cнепосредственный
210 _aМосква
_cСпутник+
_d2020
215 _a235 с.
_cтабл.
_d21
300 _aАвт. указаны на обороте тит. л.
320 _aБиблиогр.: с. 212-235 (571 назв.)
606 1 _aСтресс
_xПсихопрофилактика
_2nlr_sh1
_2nlr_sh2
_3RU\NLR\AUTH\6615393
686 1 _aЮ935.21-69
701 1 _aАбдурахманов
_bР. А.
_gРинат Абдулнакипович
701 1 _aАгапов
_bВ. С.
_f1964-
_gВалерий Сергеевич
701 1 _aАдамова
_bЛ. Е.
702 1 _aОгнев
_bА. С.
_cд-р психол. наук, канд. физ.-мат. наук
_cканд. физ.-мат. наук
_f1961-
_gАлександр Сергеевич
_3RU\NLR\AUTH\770161046
_4070
942 _cBOOK
980 _aNBR
980 _aNB